000 00660nam a2200277Ia 4500
005 20260324134818.0
008 008 260324s9999 xx 000 0 eng d
020 _a9780429181719
037 _aEBOOK
040 _aCRL
040 _beng
040 _cCRL
041 _2eng
041 _aeng
084 _qCRL
100 _aZdzislaw E. Sikorski
_91198250
245 0 _aChemical and Functional Properties of Food Proteins
260 _bTaylor and Francis
260 _c2001
365 _a
365 _b600
856 _uhttp://www.taylorfrancis.com/books/9780429181719
942 _cEBOOK
999 _c1798692
_d1798692